000 00305nam a22001337a 4500
020 _a978-81-291-0925-5
082 _a823
_bBON/T
100 _aBOND, RUSKIN
245 _aTOO MUCH TROUBLE
260 _aDELHI
_bRUPA PUBLICATIONS
_c2017
300 _a67
650 _aCHILDRENS STORY BOOK
_zINDIA
942 _cBK
999 _c2799
_d2799